000 00881cam a22001934a 4500
005 20250605163929.0
008 250528s ||||||||||||||||||||||||d
035 _a14623
020 _a76195578
040 _aGR-AtMCL
_bgre
_dGR-AtMCL
_eAACR2
245 1 _aIQ in Question / The Truth about Intelligence
260 _bSage Publications,
_c1997
300 _a174
520 _aThis book offers a clear and powerful case for a better understanding of human intelligence. Preface, Doubtful Beginnings, Can IQ be Increased?, Race and Intelligence, Is High IQ a Necessity?, Using IQ Scores to Make Predictions, Genetics and Intelligence, Newer Approaches to Intelligence, Raising Children's Intelligence, Twelve Well-Known ''Facts'' about Intelligence Which are Not True, References, Index.
700 1 _aHowe Michael J.A
_9357
942 _cBK
999 _c247
_d247